| 000 | 00602nam a2200157Ia 4500 | ||
|---|---|---|---|
| 008 | 170221s9999 xx 000 0 und d | ||
| 100 | _aG. L. Forward | ||
| 245 | _a“Children of a Lesser God:” The Effects of Communication and Interaction Patterns on Student Spiritual Identity at a Church-Related University | ||
| 245 | _cG. L. Forward, Jenay Moore, Megan Richardson, Marie Shimansky | ||
| 260 | _bStudies in Media and Communication | ||
| 260 | _c2012 | ||
| 300 | _a3 : | ||
| 650 | _xCommunication | ||
| 650 | _xMedia Arts | ||
| 856 | _uhttp://redfame.com/journal/index.php/smc/issue/view/14 | ||
| 999 |
_c309048 _d309048 |
||